Statistiques concernant Villes par image n°1

Cliquez ici pour prendre le quiz!

Statistiques générales

  • Ce quiz a été pris 4 652 fois
  • Le résultat moyen est 13 sur 18

Statistiques - réponses

Answer% Correct
Paris
100%
Londres
97%
Rio de Janeiro
95%
Sydney
94%
Moscou
93%
Athènes
91%
Rome
86%
Washington
82%
Tokyo
75%
Dubaï
75%
Barcelone
73%
Amsterdam
72%
Istanbul
62%
Toronto
49%
Shanghai
49%
Seattle
47%
Kuala Lumpur
41%
La Mecque
19%

Distribution des résultats

Percentile par nombre de réponses

% des personnes avec chaque résultat

Votre développement - résultats

Vous n’avez pas pris ce quiz